Modernizace výzbroje československé branné moci ve 30. letech ve fotografii /

Hlavní autor: Fuksa, Ivan, 1988-
Jazyk: Čeština
Vydáno: Nevojice : Jakab Publishing, 2023
Edice: Armáda
Témata:
Fyzický popis: 58 stran : ilustrace ; 30 cm
Knihy
Uloženo v:
LEADER 02307nam a2200613 i 4500
001 nkc20233579981
003 CZ PrNK
005 20240201134246.0
007 ta
008 231227s2023 xr a e f 000 0 cze
015 |a cnb003579981 
020 |a 978-80-7648-087-2  |q (brožováno) :  |c Kč 199,00 
035 |a (OCoLC)1425859774 
040 |a BOA001  |b cze  |e rda 
043 |a e-cs--- 
045 |a x3x4 
072 7 |a 623  |x Vojenská technika  |2 Konspekt  |9 19 
080 |a 355.1  |2 MRF 
080 |a 355.415.5  |2 MRF 
080 |a 623.094  |2 MRF 
080 |a 623  |2 MRF 
080 |a (437)  |2 MRF 
080 |a (036)  |2 MRF 
080 |a (084.12)  |2 MRF 
100 1 |a Fuksa, Ivan,  |d 1988-  |7 pna2017938225  |4 aut 
245 1 0 |a Modernizace výzbroje československé branné moci ve 30. letech ve fotografii /  |c Ivan Fuksa 
264 1 |a Nevojice :  |b Jakab Publishing,  |c 2023 
300 |a 58 stran :  |b ilustrace ;  |c 30 cm 
336 |a text  |b txt  |2 rdacontent 
336 |a statický obraz  |b sti  |2 rdacontent 
337 |a bez média  |b n  |2 rdamedia 
338 |a svazek  |b nc  |2 rdacarrier 
490 1 |a Armáda,  |x 2571-3639 ;  |v 17 
500 |a Název z obálky 
504 |a Obsahuje bibliografii 
610 1 7 |a Československo.  |b Armáda  |7 kn20020514002  |2 czenas 
648 7 |a 1931-1940  |7 ch460581  |2 czenas 
650 0 7 |a ozbrojené síly  |7 ph123886  |z Československo  |y 1931-1940  |2 czenas 
650 0 7 |a vojenská výzbroj  |7 ph170459  |z Československo  |y 1931-1940  |2 czenas 
650 0 7 |a vojenská technika  |7 ph138823  |z Československo  |y 1931-1940  |2 czenas 
650 0 9 |a armed forces  |z Czechoslovakia  |y 1931-1940  |2 eczenas 
650 0 9 |a military equipment and supplies  |z Czechoslovakia  |y 1931-1940  |2 eczenas 
650 0 9 |a military engineering  |z Czechoslovakia  |y 1931-1940  |2 eczenas 
655 7 |a informační publikace  |7 fd132454  |2 czenas 
655 7 |a fotografické publikace  |7 fd132276  |2 czenas 
655 9 |a information publications  |2 eczenas 
655 9 |a photographical works  |2 eczenas 
830 0 |a Armáda  |0 s 
910 2 |a BOA001  |b 4-1518.930 
990 |a BK 
995 |a 01 
991 |b 202401  |c NOV 
996 6 |b 2610958228  |c 4-1518.930  |l MZK  |r Sklad / do 1 hodiny  |n 0  |p p.v.  |w 001949242  |u 000010  |a 1  |e BOA001  |j MZK50  |s P 
996 7 |b 2610958229  |c 4-1518.930  |l MZK  |r Sklad / do 1 hodiny  |n 5  |p p.v.  |w 001949242  |u 000020  |a 1  |e BOA001  |j MZK50  |s A